|
|
|
|
| LEADER |
00000nab a2200000ua 4500 |
| 001 |
vtls010771128 |
| 003 |
SK-MaSNL |
| 005 |
20260304031541.0 |
| 008 |
240430s1957 xo |||||||||||||||||slo| |
| 035 |
|
|
|a (urnnbn)urn:nbn:sk:snk:ar-a02sqv
|
| 035 |
|
|
|a (uuid)67e6ab2a-32f5-4b0b-86ce-5c75a261864a
|
| 035 |
|
|
|a urn:nbn:sk:snk-ab4nxv
|
| 040 |
|
|
|a SNKBUCL
|b slo
|c SNKBUCL
|e AACR2
|
| 041 |
0 |
|
|a slo
|
| 044 |
|
|
|a xo
|c SK
|
| 080 |
|
|
|a 069
|2 2001
|
| 080 |
|
|
|a 070.447
|2 2001
|
| 100 |
1 |
|
|a Pichňa, Ján
|4 aut
|9 449934
|
| 245 |
1 |
0 |
|a Miloš Gosiorovský: Dejiny slovenského robotníckeho hnutia /1848-1918/.
|c Ján Pichňa
|
| 600 |
1 |
7 |
|a Gosiorovský, Miloš,
|d 1920-1978
|2 SNKPH
|9 106874
|
| 648 |
|
7 |
|a 1848-1918
|2 SNK
|9 344298
|
| 650 |
0 |
7 |
|a múzeá
|2 SNKPH
|9 4119
|
| 650 |
0 |
7 |
|a dejiny robotníckeho hnutia
|2 SNK
|9 307196
|
| 650 |
0 |
7 |
|a slovenské robotnícke hnutie
|2 SNK
|9 407666
|
| 655 |
|
7 |
|a recenzie
|2 snkbucl
|9 21907
|
| 773 |
0 |
|
|t Múzeum : študijný a informačný materiál
|g Roč. 4, č. 2 (1957), s. 297-299
|
| 787 |
0 |
8 |
|i Rec.:
|a Gosiorovský, Miloš
|t Dejiny slovenského robotníckeho hnutia/1848-1918/
|d Bratislava : Slovenské nakladateľstvo politickej literatúry, 1956
|
| 954 |
|
|
|a odborná, vedecká literatúra pôvodná (slovenská)
|2 lita
|
| 958 |
|
|
|a OND
|
| 958 |
|
|
|a EUIPO
|
| 958 |
|
|
|a article3
|
| 999 |
|
|
|c 2638721
|d 2640651
|